000 00522nam a2200169Ia 4500
008 110201s9999 xx 000 0 und d
082 _bB2017
_aKS 237
100 _aकाटे श्रीकांत
245 _aपाऊलखुणा
260 _bनेत्रा प्रकाशन
365 _b12
600 _aकाटे श्रीकांत
630 _aपाऊलखुणा
700 _aकाटे श्रीकांत
730 _aपाऊलखुणा
942 _cBOOK
999 _c829124
_d829121